Statistiques concernant Hall of Famer de la WWE

Cliquez ici pour prendre le quiz!

Statistiques générales

  • Ce quiz a été pris 253 fois
    (160 depuis la dernière actualisation)
  • Le résultat moyen est 21 sur 145

Statistiques - réponses

Année d'intronisationCatcheur% Correct
2022The Undertaker
82%
2005Hulk Hogan
80%
2008Ric Flair
72%
2011Shawn Michaels
65%
2021Kane
64%
1993André The Giant
63%
2023Rey Mysterio
62%
2006Bret Hart
60%
2012Edge
57%
2014The Ultimate Warrior
51%
2009Stone Cold Steve Austin
48%
2006Eddie Guerrero
46%
2015Randy Savage
46%
2013Booker T
36%
2014Lita
36%
2012Yokozuna
36%
2013Trish Stratus
35%
2018Goldberg
33%
2015Diesel
31%
2018Mark Henry
31%
2013Mick Foley
31%
2017Kurt Angle
30%
2013Bruno Sammartino
28%
2007Dusty Rhodes
28%
2014Razor Ramon
27%
2015Rikishi
25%
2016Sting
25%
2010Ted DiBiase
25%
2017Beth Phoenix
24%
2021The Great Khali
24%
2021Rob Van Dam
23%
2005Bob Orton
22%
2013Bob Backlund
21%
2019D-Generation X
19%
2005Roddy Piper
19%
2011Jim Duggan
17%
2014Paul Bearer
17%
2022Vader
17%
2004Sgt. Slaughter
16%
2020The Bella Twins
16%
2005Iron Sheik
14%
2004Big John Studd
13%
1994Buddy Rogers
13%
2020John "Bradshaw" Layfield
13%
2016Big Boss Man
12%
2018The Dudley Boyz
12%
2012Faarooq
12%
2007Jerry "The King" Lawler
12%
2007Jim Ross
12%
2020New World Order
12%
1995Pedro Morales
11%
2004Billy Graham
10%
2021Eric Bischoff
10%
2021Molly Holly
10%
2005Jimmy Hart
9%
2008Rocky Johnson/Peter Maivia
9%
2023Stacy Keibler
9%
2012Four Horsemen
8%
2004Harley Race
8%
2014Jake "The Snake" Roberts
8%
2018Jeff Jarrett
8%
2007Mr. Fuji
8%
2009Ricky "The Dragon" Steamboat
8%
2009Terry Funk/Dory Funk Jr.
8%
2015Alundra Blayze
7%
1995Fabulous Moolah
7%
2023Great Muta
7%
2004Greg Valentine
7%
2016Jacqueline
7%
2008Mae Young
7%
1996Pat Patterson
7%
2017Theodore Long
7%
2011The Road Warriors
7%
2019Torrie Wilson
7%
2004Bobby Heenan
6%
2017Diamond Dallas Page
6%
2019Hart Foundation
6%
2009Koko B. Ware
6%
2022Sharmell
6%
2010Stu Hart
6%
2004Tito Santana
6%
1996Vincent James McMahon
6%
1995George Steele
5%
2018Ivory
5%
2004Junkyard Dog
5%
2005Nikolai Volkoff
5%
2011Sunny
5%
2016The Godfather
5%
2019The Honky Tonk Man
5%
2010Antonio Inoki
4%
2014Carlos Colón
4%
1994Gorilla Monsoon
4%
2019Harlem Heat
4%
2018Hillbilly Jim
4%
2009Howard Finkel
4%
1994James Dudley
4%
1994Jay Strongbow
4%
2004Jesse Ventura
4%
2020Jushin "Thunder" Liger
4%
2008Peter Maivia
4%
2017"Ravishing" Rick Rude
4%
2006Sherri Martel
4%
2022Steiner Brothers
4%
2008The Brisco Brothers
4%
1995The Grand Wizard
4%
2007The Sheik
4%
2006Tony Atlas
4%
2006Verne Gagne
4%
2009Von Erich Family
4%
2010Wendi Richter
4%
1995Antonino Rocca
3%
1994Arnold Skaaland
3%
1996Baron Mikel Scicluna
3%
1994Bobo Brazil
3%
2019Brutus "The Barber" Beefcake
3%
1996Captain Lou Albano
3%
2004Don Muraco
3%
2008Eddie Graham
3%
1995Ernie Ladd
3%
1994Freddie Blassie
3%
2006Gene Okerlund
3%
2008Gordon Solie
3%
1995Ivan Putski
3%
1996Johnny Rodz
3%
1996Killer Kowalski
3%
2015Larry Zbyszko
3%
2010Mad Dog Vachon
3%
2012Mil Máscaras
3%
2007"Mr. Perfect" Curt Hennig
3%
2006 | 2007Nick Bockwinkel
3%
2005Paul Orndorff
3%
2016Stan Hansen
3%
2015Tatsumi Fujinami
3%
2006The Blackjacks
3%
2015The Bushwhackers
3%
2016The Fabulous Freebirds
3%
1996The Valiant Brothers
3%
2007The Wild Samoans
3%
2011Abdullah the Butcher
2%
2009Bill Watts
2%
2011Bob Armstrong
2%
2010Gorgeous George
2%
2020The Bristish Bulldog
2%
2017The Rock'n'Roll Express
2%

Distribution des résultats

Percentile par nombre de réponses

% des personnes avec chaque résultat

Votre développement - résultats

Vous n’avez pas pris ce quiz depuis la dernière actualisation